000 01820nam a2200373 i 4500
001 193380
003 ES-MaACL
005 20240902063039.0
007 ta
008 231113b sp ||||| |||| 00| 0 spa d
017 _aM 26523-2023
_bOficina Depósito Legal Madrid
020 _a9788419899453
_qISBN edición digital
020 _a9788419899446
_qISBN edición papel
040 _bspa
_cES-MaACL
080 _a821.134.2-31"19"
100 1 _aMateos Sainz de Medrano, Vicente
_eaut
_9234550
245 1 3 _aLa mujer única /
_cVicente Mateos Sainz de Medrano
250 _aPrimera edición: agosto 2023
260 _aMadrid :
_bAdarve,
_c2023
300 _a401 páginas ;
_c23 cm
336 _2rdacontent
_aTexto
337 _2rdamedia
_asin mediación
338 _2rdacarrier
_avolumen
520 _aNovela de intriga psicológica que adentra al lector en la disección del sentimiento amoroso, de la belleza y del castigo que supone en una sociedad machista, que sufre en su piel la protagonista condicionando de manera terrible y para siempre su vida, tras ser detenida en la España postfranquista (1979). Trauma que afecta a la relación que restablece con un amor del pasado que deriva en una diatriba moral con un final inesperado y sorprendente.
655 0 _9233883
_aNovelas psicológicas
852 _aES-MaACL
_bR. 154778
_cDEPOJ
_jN-9535
_9200826
_gDedicatoria autógrafa del autor
_hDonación: Vicente Mateos Sainz de Medrano
_xEncuadernación rústica con solapas
903 _aMateos Sainz de Medrano, Vicente
_ednr
_9234550
942 _n0
_cMONOGRAFIA
999 _c193380
_d193380